[Event "Niedersachsen-ch Seniors op 13th"]
[Site "Bad Bevensen"]
[Date "2010.07.14"]
[Round "9"]
[White "Roever, Ludwig"]
[Black "Hansch, Klaus Michael"]
[Result "1-0"]
[WhiteElo "1688"]
[BlackElo "1781"]
[PlyCount "63"]
[EventDate "2010.07.06"]
[EventType "swiss"]
[EventRounds "9"]
[EventCountry "GER"]
[SourceTitle "EXT 2012"]
[Source "ChessBase"]
[SourceDate "2011.11.24"]
[SourceVersion "1"]
[SourceVersionDate "2011.11.24"]
[SourceQuality "1"]

1. d4 Nf6 2. Nf3 d5 3. e3 Bg4 4. h3 Bh5 5. c4 e6 6. b3 c6 7. Be2 Be7 8. 0-0 0-0 9. Bb2 Nbd7 10. Nbd2 Rc8 11. a3 c5 12. Ne5 Bxe2 13. Qxe2 Bd6 14. f4 Ne4 15. Nxe4 dxe4 16. Rad1 Bxe5 17. dxe5 Qc7 18. Qc2 f5 19. exf6 Nxf6 20. Bxf6 Rxf6 21. Qxe4 Qc6 22. Qxc6 Rxc6 23. Rd8+ Kf7 24. Rfd1 Kg6 25. R1d6 Rc7 26. R8d7 Rxd7 27. Rxd7 Rf7 28. Rxf7 Kxf7 29. Kf2 Kf6 30. Kf3 e5 31. Ke4 exf4 32. exf4 1-0

[Event "Bad Bevensen Seniors op 12th"]
[Site "Bad Bevensen"]
[Date "2009.07.15"]
[Round "9"]
[White "Lehmann, Erwin"]
[Black "Roever, Ludwig"]
[Result "1/2-1/2"]
[WhiteElo "1800"]
[BlackElo "1632"]
[PlyCount "53"]
[EventDate "2009.07.07"]
[EventType "swiss"]
[EventRounds "9"]
[EventCountry "GER"]
[SourceTitle "EXT 2022"]
[Source "ChessBase"]
[SourceDate "2021.10.06"]
[SourceVersion "1"]
[SourceVersionDate "2021.10.06"]
[SourceQuality "1"]

1. d4 Nf6 2. c4 g6 3. Nc3 Bg7 4. e4 d6 5. f3 0-0 6. Be3 e5 7. Nge2 Nbd7 8. Qd2 c6 9. Bh6 Nxe4 10. Nxe4 Qh4+ 11. g3 Qxh6 12. Qxh6 Bxh6 13. Nxd6 exd4 14. Nxd4 a5 15. Rd1 Nc5 16. Nxc8 Raxc8 17. Nc2 Rfe8+ 18. Kf2 Bg7 19. b3 f5 20. h4 h5 21. Be2 Rcd8 22. Rxd8 Rxd8 23. Ke3 Re8+ 24. Kf2 Rd8 25. Ke3 Re8+ 26. Kf2 Rd8 27. Ke3 1/2-1/2

[Event "Bad Bevensen Seniors op 12th"]
[Site "Bad Bevensen"]
[Date "2009.07.10"]
[Round "4"]
[White "Roever, Ludwig"]
[Black "Kuehn, Peter1"]
[Result "1/2-1/2"]
[WhiteElo "1632"]
[BlackElo "1803"]
[PlyCount "45"]
[EventDate "2009.07.07"]
[EventType "swiss"]
[EventRounds "9"]
[EventCountry "GER"]
[SourceTitle "EXT 2022"]
[Source "ChessBase"]
[SourceDate "2021.10.06"]
[SourceVersion "1"]
[SourceVersionDate "2021.10.06"]
[SourceQuality "1"]

1. Nf3 c5 2. g3 Nc6 3. Bg2 g6 4. 0-0 Bg7 5. d3 Nf6 6. e4 d6 7. Nbd2 0-0 8. Re1 Rb8 9. c3 Bd7 10. a4 b5 11. axb5 Rxb5 12. Qc2 Qb8 13. h3 Rc8 14. Nc4 Ne8 15. Nh4 Ne5 16. f4 Nxc4 17. dxc4 Rb6 18. f5 Be5 19. fxg6 hxg6 20. Qf2 d5 21. Rf1 Rf6 22. Bf4 dxe4 23. Bxe4 1/2-1/2

[Event "Niedersachsen-ch Seniors op 11th"]
[Site "Bad Bevensen"]
[Date "2008.07.14"]
[Round "7"]
[White "Brandt, Fred"]
[Black "Roever, Ludwig"]
[Result "1/2-1/2"]
[WhiteElo "1725"]
[BlackElo "1700"]
[PlyCount "83"]
[EventDate "2008.07.08"]
[EventType "swiss"]
[EventRounds "9"]
[EventCountry "GER"]
[SourceTitle "EXT 2022"]
[Source "ChessBase"]
[SourceDate "2021.10.06"]
[SourceVersion "1"]
[SourceVersionDate "2021.10.06"]
[SourceQuality "1"]

1. d4 d5 2. Nf3 Nf6 3. e3 e6 4. Bd3 c5 5. c3 Nbd7 6. Nbd2 Be7 7. 0-0 0-0 8. Re1 b6 9. e4 dxe4 10. Nxe4 Bb7 11. Bg5 h6 12. Nxf6+ Nxf6 13. Bxf6 Bxf6 14. dxc5 bxc5 15. Qe2 Qb6 16. Rab1 Rfd8 17. Be4 a5 18. Bxb7 Qxb7 19. Red1 a4 20. a3 Kf8 21. h3 Ke7 22. Rxd8 Rxd8 23. Qc4 Qc6 24. Re1 Rb8 25. Re2 Qb5 26. Qe4 h5 27. Rd2 Rb7 28. Ne5 g6 29. Nc4 Rd7 30. Rxd7+ Qxd7 31. Ne3 Kf8 32. Qc4 Qc6 33. Qf4 Ke7 34. Nc4 h4 35. Ne3 g5 36. Qc4 Kd6 37. Qg4 Ke7 38. Nc4 Qb5 39. Qe4 Qd7 40. Qe3 Qb5 41. Qd3 Qb8 42. Qe3 1/2-1/2

[Event "Niedersachsen-ch Seniors op 11th"]
[Site "Bad Bevensen"]
[Date "2008.07.13"]
[Round "6"]
[White "Roever, Ludwig"]
[Black "Storjohann, Klaus"]
[Result "1/2-1/2"]
[WhiteElo "1700"]
[BlackElo "1749"]
[PlyCount "68"]
[EventDate "2008.07.08"]
[EventType "swiss"]
[EventRounds "9"]
[EventCountry "GER"]
[SourceTitle "EXT 2022"]
[Source "ChessBase"]
[SourceDate "2021.10.06"]
[SourceVersion "1"]
[SourceVersionDate "2021.10.06"]
[SourceQuality "1"]

1. d4 d5 2. Nf3 Nf6 3. e3 Bf5 4. Bd3 Bxd3 5. cxd3 e6 6. 0-0 Be7 7. Nc3 0-0 8. e4 c6 9. h3 Na6 10. a4 Rc8 11. Re1 Re8 12. a5 Bb4 13. Qa4 c5 14. e5 Nd7 15. Be3 cxd4 16. Bxd4 Ndc5 17. Qb5 Re7 18. Nd2 Qd7 19. Qxd7 Rxd7 20. Re3 Rdd8 21. f4 Nc7 22. Kh2 Bxc3 23. bxc3 Nb5 24. Bxc5 Rxc5 25. c4 Nd4 26. Ra2 Nf5 27. Rf3 Nd4 28. Re3 dxc4 29. Nxc4 Nc6 30. Rb2 Nxa5 31. Nxa5 Rxa5 32. Rxb7 Ra3 33. Re4 g6 34. Rc4 Raxd3 1/2-1/2

[Event "Niedersachsen-ch Seniors op 11th"]
[Site "Bad Bevensen"]
[Date "2008.07.11"]
[Round "4"]
[White "Roever, Ludwig"]
[Black "Reinke, Kurt"]
[Result "0-1"]
[WhiteElo "1700"]
[BlackElo "1789"]
[PlyCount "39"]
[EventDate "2008.07.08"]
[EventType "swiss"]
[EventRounds "9"]
[EventCountry "GER"]
[SourceTitle "EXT 2022"]
[Source "ChessBase"]
[SourceDate "2021.10.06"]
[SourceVersion "1"]
[SourceVersionDate "2021.10.06"]
[SourceQuality "1"]

1. d4 Nf6 2. Nf3 d5 3. e3 Bg4 4. h3 Bf5 5. Bd3 Bxd3 6. cxd3 Nbd7 7. 0-0 e6 8. Nc3 Be7 9. e4 dxe4 10. dxe4 c6 11. a4 a5 12. d5 cxd5 13. exd5 exd5 14. Nxd5 Nxd5 15. Qxd5 0-0 16. Qxb7 Nc5 17. Qb5 Rb8 18. Qe2 Re8 19. Rd1 Qb6 20. Be3 0-1

[Event "Werther Schloss op-C 13rd"]
[Site "Werther"]
[Date "2007.03.31"]
[Round "3"]
[White "Roever, Ludwig"]
[Black "Stoilov, Mile"]
[Result "1/2-1/2"]
[WhiteElo "2017"]
[BlackElo "1630"]
[PlyCount "27"]
[EventDate "2007.03.31"]
[EventType "swiss"]
[EventRounds "5"]
[EventCountry "GER"]
[SourceTitle "EXT 2008"]
[Source "ChessBase"]
[SourceDate "2007.11.25"]
[SourceVersion "1"]
[SourceVersionDate "2007.11.25"]
[SourceQuality "1"]

1. f4 Nf6 2. Nf3 g6 3. b3 Bg7 4. Bb2 0-0 5. e3 d5 6. Be2 Re8 7. 0-0 Nbd7 8. Qc1 Nc5 9. a4 a5 10. Na3 c6 11. d3 Qc7 12. Re1 Bf5 13. h3 h5 14. Kh2 1/2-1/2

[Event "Lippe Cup 03rd"]
[Site "Lieme"]
[Date "2006.10.08"]
[Round "5"]
[White "Roever, Ludwig"]
[Black "Bluebaum, Matthias"]
[Result "1/2-1/2"]
[WhiteElo "1724"]
[BlackElo "1587"]
[PlyCount "49"]
[EventDate "2006.10.06"]
[EventType "swiss"]
[EventRounds "5"]
[EventCountry "GER"]
[SourceTitle "EXT 2012"]
[Source "ChessBase"]
[SourceDate "2011.11.24"]
[SourceVersion "1"]
[SourceVersionDate "2011.11.24"]
[SourceQuality "1"]

1. e4 e6 2. d4 d5 3. e5 c5 4. c3 Nc6 5. Nf3 Bd7 6. Be2 Nge7 7. a3 Ng6 8. 0-0 Be7 9. b4 b6 10. Re1 a5 11. b5 Na7 12. a4 cxd4 13. cxd4 0-0 14. Bf1 Qc7 15. g3 Rac8 16. h4 Bb4 17. Bd2 Bxd2 18. Nbxd2 f6 19. exf6 Rxf6 20. h5 Ne7 21. Rc1 Qb7 22. Rxc8+ Qxc8 23. Qc1 Rf8 24. Qxc8 Rxc8 25. Bh3 1/2-1/2

[Event "Werther Schloss op-B 12th"]
[Site "Werther"]
[Date "2006.04.08"]
[Round "3"]
[White "Nohr, Jonas"]
[Black "Roever, Ludwig"]
[Result "1/2-1/2"]
[WhiteElo "1941"]
[BlackElo "2055"]
[PlyCount "117"]
[EventDate "2006.04.07"]
[EventType "swiss"]
[EventRounds "5"]
[EventCountry "GER"]
[SourceTitle "EXT 2008"]
[Source "ChessBase"]
[SourceDate "2007.11.25"]
[SourceVersion "1"]
[SourceVersionDate "2007.11.25"]
[SourceQuality "1"]

1. d4 d5 2. c4 e6 3. Nf3 Nf6 4. Nc3 Be7 5. e3 0-0 6. Bd3 Nbd7 7. 0-0 c6 8. b3 Bd6 9. Bb2 dxc4 10. Bxc4 Qe7 11. a4 a5 12. e4 e5 13. d5 Nc5 14. Qe2 cxd5 15. Nxd5 Nxd5 16. Bxd5 Be6 17. Qb5 Bd7 18. Qe2 Be6 19. Qe3 Bxd5 20. exd5 Rfe8 21. Nd2 Nd7 22. Nc4 Bc5 23. Qg3 f6 24. Rfd1 Bd6 25. Rac1 Rec8 26. Ne3 Kh8 27. Nf5 Qf8 28. Nh4 Qf7 29. Qh3 Rxc1 30. Bxc1 Nf8 31. Nf5 Qd7 32. Qd3 Rc8 33. Bd2 b6 34. h3 g6 35. Ne3 Kg7 36. Rc1 Rxc1+ 37. Bxc1 Qc7 38. Nc4 Nd7 39. Be3 Nc5 40. Bxc5 Qxc5 41. g3 h5 42. Kg2 Kf7 43. Ne3 f5 44. Qc4 Ke7 45. Qh4+ Kf7 46. Qd8 Be7 47. Qd7 Qd6 48. Qxd6 Bxd6 49. Nc4 Bc7 50. d6 Bd8 51. Nxe5+ Ke6 52. Nc4 Kd5 53. Kf3 Kd4 54. Ke2 Kc3 55. Nd2 Bg5 56. h4 Bd8 57. Ke3 g5 58. hxg5 Bxg5+ 59. f4 1/2-1/2

[Event "Lippe Cup 01st"]
[Site "Lieme"]
[Date "2004.10.24"]
[Round "4"]
[White "Roever, Ludwig"]
[Black "Cinar, Kasim"]
[Result "1/2-1/2"]
[WhiteElo "2052"]
[BlackElo "1702"]
[PlyCount "35"]
[EventDate "2004.10.22"]
[EventType "swiss"]
[EventRounds "5"]
[EventCountry "GER"]
[SourceTitle "EXT 2012"]
[Source "ChessBase"]
[SourceDate "2011.11.24"]
[SourceVersion "1"]
[SourceVersionDate "2011.11.24"]
[SourceQuality "1"]

1. Nf3 c5 2. c4 Nf6 3. Nc3 Nc6 4. g3 e6 5. Bg2 d5 6. cxd5 exd5 7. d4 c4 8. 0-0 Bb4 9. Bg5 Bxc3 10. bxc3 h6 11. Bxf6 Qxf6 12. e4 dxe4 13. Nd2 0-0 14. Nxe4 Qg6 15. Qa4 Bf5 16. f3 Rac8 17. d5 Ne5 18. Qxa7 1/2-1/2